[Event "ESP-chT Regional U16"]
[Site "Gijon"]
[Date "2021.06.19"]
[Round "5.3"]
[White "Galarza Arza, Ekain"]
[Black "Gomez Larrinaga, Maria"]
[Result "1-0"]
[WhiteElo "1468"]
[BlackElo "1386"]
[PlyCount "59"]
[EventDate "2021.06.17"]
[EventType "team-swiss"]
[EventRounds "6"]
[EventCountry "ESP"]
[SourceTitle "EXT 2022"]
[Source "ChessBase"]
[SourceDate "2021.10.06"]
[SourceVersion "1"]
[SourceVersionDate "2021.10.06"]
[SourceQuality "1"]
[WhiteTeam "Navarra U16"]
[BlackTeam "Cantabria U16"]
[WhiteTeamCountry "ESP"]
[BlackTeamCountry "ESP"]

1. d4 d5 2. Nf3 e6 3. e3 c5 4. c3 Nf6 5. Bd3 Nc6 6. Nbd2 Bd6 7. 0-0 0-0 8. dxc5 Bxc5 9. e4 Qc7 10. exd5 exd5 11. Nb3 Be7 12. Qc2 Re8 13. Bg5 Ne5 14. Nxe5 Qxe5 15. Bxf6 Qxf6 16. Bxh7+ Kf8 17. Bd3 Bd6 18. Rfe1 Bd7 19. Nd4 Rac8 20. Bf5 Bxf5 21. Qxf5 Qh6 22. Nf3 Rxe1+ 23. Rxe1 Rd8 24. h3 f6 25. Qe6 Qh5 26. Nd4 a6 27. Nf5 Qf7 28. Nxd6 Qxe6 29. Rxe6 Rd7 30. Re8# 1-0

[Event "ESP-chT Regional U16"]
[Site "Gijon"]
[Date "2021.06.18"]
[Round "3.3"]
[White "Gomez Larrinaga, Maria"]
[Black "Saavedra Fernandez, Daniel"]
[Result "1-0"]
[WhiteElo "1386"]
[BlackElo "1480"]
[PlyCount "57"]
[EventDate "2021.06.17"]
[EventType "team-swiss"]
[EventRounds "6"]
[EventCountry "ESP"]
[SourceTitle "EXT 2022"]
[Source "ChessBase"]
[SourceDate "2021.10.06"]
[SourceVersion "1"]
[SourceVersionDate "2021.10.06"]
[SourceQuality "1"]
[WhiteTeam "Cantabria U16"]
[BlackTeam "Extremadura U16"]
[WhiteTeamCountry "ESP"]
[BlackTeamCountry "ESP"]

1. e4 e6 2. d4 d5 3. e5 c5 4. c3 Qb6 5. Nf3 Nc6 6. Bd3 cxd4 7. cxd4 Bd7 8. Bc2 Bb4+ 9. Nc3 Nge7 10. 0-0 Nf5 11. Bxf5 exf5 12. Nxd5 Qa5 13. Ne3 Ne7 14. a3 Bb5 15. Qb3 Bxf1 16. Nxf1 Nd5 17. Bd2 Bxd2 18. N1xd2 0-0 19. Nc4 Qc7 20. Nd6 Nb6 21. Nxf5 Rac8 22. h3 Qc2 23. Ne7+ Kh8 24. Qb4 Rc4 25. Ng6+ hxg6 26. Qxf8+ Kh7 27. Ng5+ Kh6 28. Nxf7+ Kh5 29. Qh8# 1-0

[Event "ESP-chT Regional U16"]
[Site "Gijon"]
[Date "2021.06.17"]
[Round "2.3"]
[White "Bagur Bosch, Maria"]
[Black "Gomez Larrinaga, Maria"]
[Result "1-0"]
[WhiteElo "1647"]
[BlackElo "1386"]
[PlyCount "73"]
[EventDate "2021.06.17"]
[EventType "team-swiss"]
[EventRounds "6"]
[EventCountry "ESP"]
[SourceTitle "EXT 2022"]
[Source "ChessBase"]
[SourceDate "2021.10.06"]
[SourceVersion "1"]
[SourceVersionDate "2021.10.06"]
[SourceQuality "1"]
[WhiteTeam "Baleares U16"]
[BlackTeam "Cantabria U16"]
[WhiteTeamCountry "ESP"]
[BlackTeamCountry "ESP"]

1. e4 e6 2. d4 d5 3. Nd2 c5 4. exd5 Qxd5 5. Ngf3 Nc6 6. Bc4 Qd8 7. Nb3 cxd4 8. Nbxd4 Nxd4 9. Nxd4 Bd6 10. 0-0 Ne7 11. Bd3 Bd7 12. Re1 0-0 13. Bg5 f6 14. Nxe6 Bxe6 15. Rxe6 Bxh2+ 16. Kxh2 fxg5 17. Qe2 Nf5 18. Qh5 g6 19. Rxg6+ hxg6 20. Qxg6+ Kh8 21. Rh1 Qe7 22. Bxf5 Qg7 23. Kg1+ Kg8 24. Be6+ Rf7 25. Bxf7+ Kf8 26. Qxg7+ Kxg7 27. Bd5 Rc8 28. c3 b6 29. Rh3 Rd8 30. c4 b5 31. Ra3 bxc4 32. Rxa7+ Kf6 33. Bxc4 Rd2 34. b3 Rd1+ 35. Kh2 Rd2 36. Kg3 Rd4 37. a4 1-0